| 000 | 00666nam a2200265Ia 4500 | ||
|---|---|---|---|
| 005 | 20250425161259.0 | ||
| 008 | 250425s9999 xx 000 0 und d | ||
| 020 | _a8434439115 | ||
| 041 | _aspa | ||
| 043 | _asp | ||
| 082 | _a001.43 | ||
| 100 | _aBUNGE, MARIO | ||
| 245 | 0 | _aLA INVESTIGACION CIENTIFICA: SU ESTRATEGIA Y SU FILISOFIA | |
| 250 | _a4A ED. | ||
| 260 | _aBARCELONA | ||
| 260 |
_aEspaƱa _bARIEL _c1975 |
||
| 300 | _a955 | ||
| 650 | _aCONOCIMIENTO | ||
| 650 | _aFILOSOFIA | ||
| 650 | _aINVESTIGACION CIENTIFICA | ||
| 650 | _aMETODOLOGIA DE LA INVESTIGACION | ||
| 700 |
_aMANUEL SACRISTAN _etraductor |
||
| 942 | _c01 | ||
| 010 | _a16778 | ||
| 999 |
_c206038 _d206038 |
||